000 00221nam a22000857a 4500
008 160917b xxu||||| |||| 00| 0 eng d
100 _9650
_aMisra.M
245 _aSocial Science CC-6
260 _aNew delhi
_bAPC Publications
_c2011
999 _c3307
_d3307